Poder y sexualidad en la Iglesia: reivindicar el espíritu de Jesús.
Saved in:
| Hovedforfatter: | |
|---|---|
| Format: | Bog |
| Sprog: | spansk |
| Udgivet: |
Santander, España
Editorial Sal Terrae
2008
|
| Udgivelse: | 1a. ed |
| Serier: | Colección Presencia Teológica.
165 |
| Fag: | |
| Tags: |
Tilføj Tag
Ingen Tags, Vær først til at tagge denne postø!
|
MARC
| LEADER | 00000cam a2200000 a 4500 | ||
|---|---|---|---|
| 001 | UCC2584 | ||
| 003 | CL-VaPUC | ||
| 005 | 20220225074305.0 | ||
| 008 | 180309e20080000sp |||||||||||||||||spa|d | ||
| 999 | |c 370646 |d 370644 | ||
| 020 | |a 9788429317558 | ||
| 040 | |c Pontificia Universidad Católica de Valparaíso | ||
| 082 | 0 | 4 | |a 241 ROB 2008 |2 21 |
| 100 | 0 | |a Robinson, Geoffrey |9 596645 | |
| 245 | 1 | 0 | |a Poder y sexualidad en la Iglesia: reivindicar el espíritu de Jesús. |
| 250 | |a 1a. ed | ||
| 260 | 0 | 3 | |a Santander, España |b Editorial Sal Terrae |c 2008 |
| 300 | |a 285 páginas | ||
| 490 | 0 | |a Colección Presencia Teológica. |v 165 | |
| 583 | |a last modification |c 20180309 22:06:00 |k Rodrigo Vera | ||
| 650 | 0 | |a Abuso de poder |9 324689 | |
| 650 | 7 | |a MORAL SEXUAL |2 CL-VaPUC |9 395307 | |
| 650 | 7 | |a ETICA SEXUAL |2 CL-VaPUC |9 596647 | |
| 650 | 0 | |a Moral cristiana |9 464237 | |
| 650 | 0 | |a Teología moral |9 256617 | |
| 650 | 0 | |a Abuso sexual |9 475641 | |
| 942 | |c BK |2 ddc | ||
| 945 | |d 20180309 22:06:00 |a arojas | ||
| 952 | |0 0 |1 0 |2 ddc |3 erb |4 0 |6 241_000000000000000_ROB_2008 |7 0 |8 A |9 487217 |a BIBTEO |b BIBTEO |i 5453275 |o 241 ROB 2008 |p 5453275 |r 2025-01-17 |t 1 |w 2019-11-24 |y BK |z Catalogado en:20180309 |k ICR | ||